Statistiken für Deutscher WM-Kader 2022

Klicken Sie hier um das Quiz zu spielen!

Allgemein

  • Dieses Quiz wurde 1.380 mal gespielt
  • Das Durchschnittsergebnis liegt bei 18 aus 27

Antwortstatistiken

PositionVereinSpieler% Korrekt
TorFC Bayern MünchenManuel Neuer
99%
Mittelfeld/AngriffFC Bayern MünchenThomas Müller
93%
TorFC BarcelonaMarc-André ter Stegen
91%
Mittelfeld/AngriffFC Bayern MünchenJoshua Kimmich
87%
Bundestrainer-Hans-Dieter Flick
86%
Mittelfeld/AngriffFC Bayern MünchenLeroy Sané
86%
AbwehrBorussia DortmundNico Schlotterbeck
82%
TorEintracht FrankfurtKevin Trapp
81%
AbwehrBorussia DortmundNiklas Süle
80%
Mittelfeld/AngriffFC Bayern MünchenSerge Gnabry
80%
AbwehrReal MadridAntonio Rüdiger
79%
Mittelfeld/AngriffFC Bayern MünchenJamal Musiala
79%
Mittelfeld/AngriffBayer 04 LeverkusenKai Havertz
75%
Mittelfeld/AngriffFC Bayern MünchenLeon Goretzka
75%
Mittelfeld/AngriffSV Werder BremenNiclas Füllkrug
74%
Mittelfeld/AngriffManchester CityIlkay Gündogan
66%
AbwehrTSG HoffenheimDavid Raum
65%
Mittelfeld/AngriffBorussia DortmundJulian Brandt
51%
AbwehrSC FreiburgMatthias Ginter
51%
Mittelfeld/AngriffEintracht FrankfurtMario Götze
47%
Mittelfeld/AngriffBorussia DortmundKarim Adeyemi
46%
AbwehrWest Ham UnitedThilo Kehrer
46%
AbwehrRB LeipzigLukas Klostermann
43%
Mittelfeld/AngriffBorussia DortmundYoussoufa Moukoko
42%
AbwehrSC FreiburgChristian Günter
40%
Mittelfeld/AngriffBorussia MönchengladbachJonas Hofmann
36%
AbwehrFC SouthamptonArmel Bella-Kotchap
29%

Verteilung der Resultate

Perzentil nach korrekt beantworteten Fragen

Anzahl Personen mit jedem Resultat

Ihre Resultats-Entwicklung

Sie haben dieses Quiz noch nicht gespielt